[Event "Bundesliga 2324"]
[Site "Germany"]
[Date "2024.04.27"]
[Round "14.7"]
[White "Adams, Michael"]
[Black "Dinstuhl, Volkmar"]
[Result "1-0"]
[WhiteElo "2670"]
[BlackElo "2380"]
[PlyCount "75"]
[EventDate "2023.10.21"]
[EventType "team-tourn"]
[EventRounds "15"]
[EventCountry "GER"]
[SourceTitle "CBM 219 Extra"]
[Source "ChessBase"]
[SourceDate "2024.05.31"]
[SourceVersion "1"]
[SourceVersionDate "2024.05.31"]
[SourceQuality "1"]
[WhiteTeam "Baden-Baden"]
[BlackTeam "Muelheim Nord"]
[WhiteTeamCountry "GER"]
[BlackTeamCountry "GER"]

1. e4 e5 2. Nf3 Nc6 3. Bb5 Nge7 4. d4 exd4 5. Nxd4 Nxd4 6. Qxd4 Nc6 7. Qe3 Bb4+ 8. c3 Be7 9. 0-0 0-0 10. Nd2 d6 11. Nf3 a6 12. Bc4 Ne5 13. Nxe5 dxe5 14. Qg3 Bd6 15. Bg5 Qd7 16. Bf6 Qg4 17. Bxe5 Qxg3 18. Bxg3 Bxg3 19. hxg3 Be6 20. Bxe6 fxe6 21. Rfd1 Rad8 22. g4 h6 23. f3 Kf7 24. Kf2 Rxd1 25. Rxd1 Ke7 26. Ke3 a5 27. a4 Ra8 28. Rh1 Ra6 29. Kd3 Rd6+ 30. Kc2 b6 31. b4 axb4 32. cxb4 Rd4 33. Kc3 c5 34. bxc5 bxc5 35. Ra1 Kd6 36. a5 Kc7 37. a6 Kb8 38. Ra5 1-0

[Event "Bundesliga 2324"]
[Site "Germany"]
[Date "2024.03.17"]
[Round "13.6"]
[White "Jovanovic, Zoran"]
[Black "Adams, Michael"]
[Result "1/2-1/2"]
[WhiteElo "2513"]
[BlackElo "2670"]
[PlyCount "26"]
[EventDate "2023.10.21"]
[EventType "team-tourn"]
[EventRounds "15"]
[EventCountry "GER"]
[SourceTitle "CBM 219 Extra"]
[Source "ChessBase"]
[SourceDate "2024.05.31"]
[SourceVersion "1"]
[SourceVersionDate "2024.05.31"]
[SourceQuality "1"]
[WhiteTeam "Kirchweyhe"]
[BlackTeam "Baden-Baden"]
[WhiteTeamCountry "GER"]
[BlackTeamCountry "GER"]

1. e4 e5 2. Nf3 Nc6 3. Nc3 Nf6 4. Bb5 Bb4 5. 0-0 0-0 6. Bxc6 dxc6 7. Nxe5 Re8 8. Nd3 Bxc3 9. dxc3 Nxe4 10. Qf3 Ng5 11. Qg3 Ne4 12. Qf3 Ng5 13. Qg3 Ne4 1/2-1/2

[Event "Bundesliga 2324"]
[Site "Germany"]
[Date "2024.03.16"]
[Round "12.6"]
[White "Adams, Michael"]
[Black "Pruijssers, Roeland"]
[Result "1-0"]
[WhiteElo "2670"]
[BlackElo "2540"]
[PlyCount "125"]
[EventDate "2023.10.21"]
[EventType "team-tourn"]
[EventRounds "15"]
[EventCountry "GER"]
[SourceTitle "CBM 219 Extra"]
[Source "ChessBase"]
[SourceDate "2024.05.31"]
[SourceVersion "1"]
[SourceVersionDate "2024.05.31"]
[SourceQuality "1"]
[WhiteTeam "Baden-Baden"]
[BlackTeam "Werder Bremen"]
[WhiteTeamCountry "GER"]
[BlackTeamCountry "GER"]

1. e4 e5 2. Nf3 Nf6 3. d4 Nxe4 4. Bd3 d5 5. Nxe5 Nd7 6. 0-0 Nxe5 7. dxe5 Nc5 8. Be3 Nxd3 9. Qxd3 c6 10. Nc3 Be7 11. f4 g6 12. Ne2 c5 13. c3 Bf5 14. Qd2 Qd7 15. b4 b6 16. bxc5 bxc5 17. Ng3 0-0 18. Nxf5 Qxf5 19. Qxd5 Rad8 20. Qc4 Qd3 21. Qxd3 Rxd3 22. Kf2 Rxc3 23. Rfc1 Rxc1 24. Rxc1 Rb8 25. Rc2 f6 26. exf6 Bxf6 27. Kf3 Be7 28. Rc3 Rb6 29. Bxc5 Bxc5 30. Rxc5 Ra6 31. Rc2 Kf7 32. g4 h6 33. h4 Kf6 34. g5+ hxg5 35. hxg5+ Ke6 36. Rc7 Rxa2 37. Rg7 Ra6 38. Kg3 Kd5 39. Kg4 Ke4 40. Re7+ Kd5 41. Rg7 Ke4 42. Re7+ Kd5 43. Rf7 Ke4 44. Rf6 Rb6 45. f5 gxf5+ 46. Rxf5 Kd4 47. Kh5 Kc4 48. g6 Rb8 49. Ra5 Rb7 50. Kh6 Kb4 51. Ra6 Kb5 52. Ra1 Rd7 53. g7 Rxg7 54. Kxg7 a5 55. Kf6 a4 56. Ke5 Kb4 57. Kd4 Kb3 58. Kd3 a3 59. Rb1+ Ka2 60. Rb6 Ka1 61. Kc3 a2 62. Re6 Kb1 63. Re1# 1-0

[Event "Cambridge op 2nd"]
[Site "Cambridge"]
[Date "2024.02.24"]
[Round "9"]
[White "Willow, Jonah B"]
[Black "Adams, Michael"]
[Result "0-1"]
[WhiteElo "2445"]
[BlackElo "2673"]
[PlyCount "78"]
[EventDate "2024.02.19"]
[EventType "swiss"]
[EventRounds "9"]
[EventCountry "ENG"]
[SourceTitle "CBM 218 Extra"]
[Source "ChessBase"]
[SourceDate "2024.03.31"]
[SourceVersion "1"]
[SourceVersionDate "2024.03.31"]
[SourceQuality "1"]

1. e4 e5 2. Nf3 Nc6 3. Bb5 a6 4. Ba4 Nf6 5. 0-0 Bc5 6. c3 b5 7. Bc2 d6 8. d4 Ba7 9. a4 Bg4 10. axb5 axb5 11. Ra6 Bb6 12. Rxa8 Qxa8 13. d5 Ne7 14. Na3 Ng6 15. h3 Bd7 16. Nh2 0-0 17. Bd3 h6 18. Ng4 Nxg4 19. hxg4 Qc8 20. Be2 Nf4 21. Bf3 Qd8 22. g3 Nh3+ 23. Kg2 Ng5 24. Bxg5 Qxg5 25. Qe2 g6 26. Nc2 f5 27. gxf5 gxf5 28. exf5 Bxf5 29. Be4 Bg4 30. f3 Bd7 31. Rh1 Rf7 32. Ra1 Rg7 33. Qe1 h5 34. Ra8+ Kf7 35. Rh8 h4 36. Rh7 Rxh7 37. Bxh7 hxg3 38. Qxg3 Qd2+ 39. Kf1 Bh3+ 0-1

[Event "Cambridge op 2nd"]
[Site "Cambridge"]
[Date "2024.02.23"]
[Round "7"]
[White "Adams, Michael"]
[Black "Sonis, Francesco"]
[Result "1/2-1/2"]
[WhiteElo "2673"]
[BlackElo "2570"]
[PlyCount "159"]
[EventDate "2024.02.19"]
[EventType "swiss"]
[EventRounds "9"]
[EventCountry "ENG"]
[SourceTitle "CBM 218 Extra"]
[Source "ChessBase"]
[SourceDate "2024.03.31"]
[SourceVersion "1"]
[SourceVersionDate "2024.03.31"]
[SourceQuality "1"]

1. e4 e5 2. Nf3 Nc6 3. Bb5 a6 4. Ba4 Nf6 5. 0-0 Be7 6. d3 b5 7. Bb3 d6 8. a4 Rb8 9. axb5 axb5 10. Re1 0-0 11. Nbd2 Nb4 12. Nf1 c5 13. c3 Nc6 14. Ne3 Be6 15. Nd5 Qd7 16. Bg5 Bxd5 17. Bxd5 Nxd5 18. exd5 Nd8 19. Bxe7 Qxe7 20. d4 f6 21. dxc5 dxc5 22. Nd2 Nf7 23. Ne4 Rfd8 24. Qg4 Rxd5 25. Ra7 f5 26. Rxe7 fxg4 27. Ra1 Nh6 28. g3 Nf5 29. Rc7 c4 30. Kg2 Rf8 31. Rc5 Rxc5 32. Nxc5 Rd8 33. Ne4 h6 34. Ra6 Rd5 35. Rb6 Kh7 36. h3 gxh3+ 37. Kxh3 Kg8 38. Kg4 Ne7 39. Rd6 Kf8 40. Rxd5 Nxd5 41. Kf5 Nb6 42. Nd6 Na4 43. Nxb5 Nxb2 44. f3 Nd3 45. Nd6 Nc1 46. Kxe5 Ne2 47. Ne4 Ke7 48. Kd5 g5 49. g4 Ng1 50. Nd2 Kf6 51. Kxc4 Ke5 52. Kd3 Nh3 53. Ke3 Nf4 54. Ne4 Kd5 55. Kd2 Ke5 56. Ng3 Kd5 57. Ne2 Ng6 58. Ke3 Ne5 59. Ng3 Nc4+ 60. Ke2 Nd6 61. Kd3 Ke5 62. Nh5 Nf7 63. c4 Nd8 64. Ke3 Nc6 65. Ng3 Na5 66. c5 Nc6 67. Ne4 Kd5 68. Nd6 Ne5 69. Ne4 Nd7 70. c6 Kxc6 71. Kd4 Nf8 72. Ke5 Ng6+ 73. Kf6 Nh4 74. Nd2 Kd5 75. Kg7 Ke5 76. Kxh6 Kf4 77. Kh5 Ng2 78. Ne4 Kxf3 79. Nxg5+ Kf4 80. Nf7 1/2-1/2

[Event "Cambridge op 2nd"]
[Site "Cambridge"]
[Date "2024.02.21"]
[Round "5"]
[White "Adams, Michael"]
[Black "Fava, Lorenzo"]
[Result "1/2-1/2"]
[WhiteElo "2673"]
[BlackElo "2140"]
[PlyCount "43"]
[EventDate "2024.02.19"]
[EventType "swiss"]
[EventRounds "9"]
[EventCountry "ENG"]
[SourceTitle "CBM 218 Extra"]
[Source "ChessBase"]
[SourceDate "2024.03.31"]
[SourceVersion "1"]
[SourceVersionDate "2024.03.31"]
[SourceQuality "1"]

1. e4 c6 2. d4 d5 3. e5 c5 4. Nf3 cxd4 5. Nxd4 Nc6 6. Nxc6 bxc6 7. Bd3 e6 8. 0-0 Ne7 9. Nd2 Ng6 10. Nf3 Be7 11. Re1 0-0 12. c4 c5 13. Qc2 Bb7 14. cxd5 Bxd5 15. Be4 Bxe4 16. Qxe4 Rb8 17. Nd2 Rb4 18. Qc6 Bg5 19. Nf3 Bxc1 20. Rexc1 Rxb2 21. Qxc5 Nf4 22. Rc2 1/2-1/2

[Event "Cambridge op 2nd"]
[Site "Cambridge"]
[Date "2024.02.21"]
[Round "4"]
[White "Turner, Matthew"]
[Black "Adams, Michael"]
[Result "1/2-1/2"]
[WhiteElo "2447"]
[BlackElo "2673"]
[PlyCount "80"]
[EventDate "2024.02.19"]
[EventType "swiss"]
[EventRounds "9"]
[EventCountry "ENG"]
[SourceTitle "CBM 218 Extra"]
[Source "ChessBase"]
[SourceDate "2024.03.31"]
[SourceVersion "1"]
[SourceVersionDate "2024.03.31"]
[SourceQuality "1"]

1. d4 Nf6 2. c4 e6 3. g3 d5 4. Bg2 Bb4+ 5. Nd2 0-0 6. Ngf3 b6 7. 0-0 Bb7 8. b3 a5 9. Bb2 a4 10. Rc1 a3 11. Ba1 Na6 12. Ne5 Bd6 13. Nd3 Qe7 14. e3 Nb4 15. Nxb4 Bxb4 16. Qc2 c5 17. dxc5 Bxc5 18. Rfd1 Rac8 19. Qb1 Rfd8 20. cxd5 Nxd5 21. Ne4 Nxe3 22. Rxd8+ Rxd8 23. Nxc5 Bxg2 24. fxe3 Ba8 25. Ne4 f5 26. Nf2 Qb7 27. e4 fxe4 28. Qxe4 Qxe4 29. Nxe4 Bxe4 30. Kf2 Bf5 31. Ke3 Rd3+ 32. Ke2 Rd7 33. Ke3 Kf7 34. Bd4 b5 35. Rc5 Rb7 36. b4 Bb1 37. Rc3 e5 38. Bc5 Bxa2 39. Rxa3 Bd5 40. Ra7 Rxa7 1/2-1/2

[Event "Cambridge op 2nd"]
[Site "Cambridge"]
[Date "2024.02.20"]
[Round "3"]
[White "Adams, Michael"]
[Black "Wells, Peter K"]
[Result "1-0"]
[WhiteElo "2673"]
[BlackElo "2343"]
[PlyCount "59"]
[EventDate "2024.02.19"]
[EventType "swiss"]
[EventRounds "9"]
[EventCountry "ENG"]
[SourceTitle "CBM 218 Extra"]
[Source "ChessBase"]
[SourceDate "2024.03.31"]
[SourceVersion "1"]
[SourceVersionDate "2024.03.31"]
[SourceQuality "1"]

1. e4 c5 2. Nf3 e6 3. d4 cxd4 4. Nxd4 Nf6 5. Nc3 Nc6 6. Be2 d6 7. Be3 Be7 8. Qd2 a6 9. 0-0-0 Nxd4 10. Qxd4 e5 11. Qd3 b5 12. Bg5 b4 13. Bxf6 bxc3 14. Bxe7 cxb2+ 15. Kb1 Kxe7 16. f4 exf4 17. e5 d5 18. Bf3 Qa5 19. Bxd5 Rd8 20. Qe4 Rb8 21. Bc4 Rb4 22. Qxf4 Rxc4 23. Qxc4 Be6 24. Qh4+ f6 25. exf6+ Kf7 26. a4 Rc8 27. fxg7 Ba2+ 28. Kxa2 b1Q+ 29. Kxb1 Qb6+ 30. Ka1 1-0

[Event "Cambridge op 2nd"]
[Site "Cambridge"]
[Date "2024.02.19"]
[Round "1"]
[White "Martyn, Rafe"]
[Black "Adams, Michael"]
[Result "1/2-1/2"]
[WhiteElo "2206"]
[BlackElo "2673"]
[PlyCount "92"]
[EventDate "2024.02.19"]
[EventType "swiss"]
[EventRounds "9"]
[EventCountry "ENG"]
[SourceTitle "CBM 218 Extra"]
[Source "ChessBase"]
[SourceDate "2024.03.31"]
[SourceVersion "1"]
[SourceVersionDate "2024.03.31"]
[SourceQuality "1"]

1. e4 e5 2. Nf3 Nc6 3. Bc4 Nf6 4. d3 Bc5 5. 0-0 d6 6. c3 a5 7. Re1 Ba7 8. a4 0-0 9. h3 Ne7 10. d4 Ng6 11. dxe5 dxe5 12. Qxd8 Rxd8 13. Bg5 h6 14. Bxf6 gxf6 15. Nbd2 Nf4 16. Nf1 Be6 17. Bxe6 fxe6 18. Ng3 Rd3 19. Kf1 Nxh3 20. Red1 Nxf2 21. Rxd3 Nxd3 22. Rd1 Nf4 23. Rd7 Bb6 24. Nd2 Kh8 25. Ne2 Nxe2 26. Kxe2 Rg8 27. Kf3 f5 28. g3 Rg7 29. Rd8+ Rg8 30. Rd7 Rg7 31. Rd8+ Kh7 32. exf5 exf5 33. Nc4 e4+ 34. Kf4 Re7 35. Nxb6 cxb6 36. Kxf5 e3 37. Rd1 e2 38. Re1 Kg7 39. Kf4 Kf6 40. Kf3 Kf5 41. Rxe2 Rxe2 42. Kxe2 Ke4 43. b3 h5 44. c4 Kd4 45. Kd2 Ke4 46. Ke2 Kd4 1/2-1/2

[Event "Bundesliga 2324"]
[Site "Germany"]
[Date "2024.02.03"]
[Round "7.1"]
[White "Hoffmann, Paul"]
[Black "Adams, Michael"]
[Result "0-1"]
[WhiteElo "2378"]
[BlackElo "2670"]
[PlyCount "68"]
[EventDate "2023.10.21"]
[EventType "team-tourn"]
[EventRounds "15"]
[EventCountry "GER"]
[SourceTitle "CBM 218 Extra"]
[Source "ChessBase"]
[SourceDate "2024.03.31"]
[SourceVersion "1"]
[SourceVersionDate "2024.03.31"]
[SourceQuality "1"]
[WhiteTeam "Dresden TU"]
[BlackTeam "Baden-Baden"]
[WhiteTeamCountry "GER"]
[BlackTeamCountry "GER"]

1. e4 e5 2. Bc4 Nf6 3. d3 Nc6 4. Nf3 Bc5 5. c3 d6 6. Bb3 a5 7. Nbd2 0-0 8. 0-0 Be6 9. a4 d5 10. exd5 Bxd5 11. Nc4 Re8 12. Be3 Nd7 13. d4 exd4 14. cxd4 Bb4 15. Ne1 Nf8 16. Nd3 Ne6 17. Nde5 Ne7 18. Bc2 Ng6 19. f4 Nef8 20. Qd3 f6 21. f5 Nh4 22. g3 fxe5 23. Nxe5 Rxe5 24. dxe5 Nf3+ 25. Rxf3 Bxf3 26. Bb3+ Kh8 27. Qc4 Nd7 28. Qf4 Bc6 29. Rd1 Qe7 30. f6 gxf6 31. Rxd7 Qxd7 32. exf6 Qd3 33. f7 Qb1+ 34. Bc1 Bc5+ 0-1

[Event "Bundesliga 2324"]
[Site "Germany"]
[Date "2024.01.14"]
[Round "6.6"]
[White "Lokander, Martin"]
[Black "Adams, Michael"]
[Result "0-1"]
[WhiteElo "2462"]
[BlackElo "2670"]
[PlyCount "110"]
[EventDate "2023.10.21"]
[EventType "team-tourn"]
[EventRounds "15"]
[EventCountry "GER"]
[SourceTitle "CBM 218 Extra"]
[Source "ChessBase"]
[SourceDate "2024.03.31"]
[SourceVersion "1"]
[SourceVersionDate "2024.03.31"]
[SourceQuality "1"]
[WhiteTeam "Bayern Muenchen"]
[BlackTeam "Baden-Baden"]
[WhiteTeamCountry "GER"]
[BlackTeamCountry "GER"]

1. e4 e5 2. Nf3 Nc6 3. d4 exd4 4. c3 Nf6 5. e5 Nd5 6. cxd4 d6 7. Bb5 Be7 8. Nc3 Be6 9. 0-0 0-0 10. Re1 a6 11. Ba4 b5 12. Bb3 dxe5 13. Nxe5 Nxe5 14. Nxd5 Bxd5 15. dxe5 Bxb3 16. Qxb3 c5 17. Bf4 c4 18. Qg3 Qb6 19. Rad1 Rad8 20. h4 Qg6 21. Bg5 Bxg5 22. Qxg5 Qb6 23. a3 h6 24. Qe7 Rfe8 25. Rxd8 Qxd8 26. Qxd8 Rxd8 27. e6 fxe6 28. Rxe6 Rd2 29. Rxa6 Rxb2 30. Rc6 Kf7 31. g4 Ra2 32. Rc5 Ke6 33. Rxb5 c3 34. Rc5 c2 35. Kg2 Kd6 36. Rc8 Kd5 37. Kf3 Kd4 38. Kf4 Kd3 39. Rd8+ Kc3 40. Rc8+ Kb2 41. Rb8+ Kxa3 42. Rc8 Kb2 43. Rb8+ Ka1 44. Rc8 Kb1 45. Kf5 c1Q 46. Rxc1+ Kxc1 47. Kg6 Rxf2 48. Kxg7 Rg2 49. Kxh6 Rxg4 50. h5 Kd2 51. Kh7 Ke3 52. h6 Kf4 53. Kh8 Kf5 54. h7 Kg6 55. Kg8 Kh6+ 0-1